000 00434nam a2200181Ia 4500
001 13657
005 20260306164817.0
008 260306t2001||||xx |||||||||||||| ||spa||
041 _aESP
082 _aS 005.1
_bT34
100 _aTel, Gerard
_eAUT
245 0 _aIntroduction to distributed algorithms
260 _c2001
300 _axii, 596 páginas :
_c25 cm.
650 _aGEN
654 _aCCC
942 _cLIB
_dJUS
_fJUS
_2ddc
_n
999 _c13657
_d13657